000 00722nam0a22002411 4500
001 rc\218210
005 20250620235630.0
010 _a5-86490-015-X
_91000
035 _a(NLR Aleph) 005466974
090 _a5009783
_c5009783
100 _a20030307d1996 |||y0rusy50 ca
101 0 _arus
102 _aRU
105 _ay |||||||||
200 1 _aЗолотая Мещера
_eСтихи. Новеллы. Миниатюры
_fПетр Классен
210 _aМ.
_cИнтер-Весы
_d1996
215 _a61, [2] с.
_d20
700 1 _aКлассен
_bП.В.
_f1939-
_gПетр Владимирович
801 0 _aRU
_bNLR
_gpsbo
801 1 _aRU
_bELAR
_2rusmarc
852 _aNLR
_j96-4/17454
942 _cBOOK
980 _aNB